000 00445nam a2200181Ia 4500
003 GCL
008 140319s9999 xx 000 0 eng d
040 _aGCL /
_cGCL
082 0 4 _a196.1
_bS S
100 1 _aSPRIGYE, TIMOTHYL S.
245 1 0 _aSANTAYANA /
_cSPRIGYE, TIMOTHYL S.
260 _a[S.N] :
_bROUTLEDGE ،
_c1995
300 _a248 P
650 0 4 _aSPAIN
650 0 4 _aPHILOSOPHERS - MUSLIM
650 0 4 _aSANTAYANA
942 _2ddc
_cBK
999 _c10440
_d10440